| 000 | 00921cam a2200253 a 4500 | ||
|---|---|---|---|
| 999 |
_c7632 _d7632 |
||
| 003 | OSt | ||
| 005 | 20200317111055.0 | ||
| 008 | 130508s2012 ohua b 001 0 eng d | ||
| 020 | _a9781440310225 | ||
| 043 | _an-us--- | ||
| 082 |
_a741.6068 _bSHE |
||
| 100 | 1 | _aSherwin, David. | |
| 245 | 1 | 0 |
_aSuccess by design : _bthe essential business reference for designers / _cDavid Sherwin. |
| 260 |
_aBlue Ash, OH : _bHOW Books _cc2012. |
||
| 300 |
_avii, 297 p. : _bill. (some col.) ; _c23 cm. |
||
| 504 | _aIncludes bibliographical references (p. 286-287) and index. | ||
| 520 | _aThis book is an introduction to the essential tools and attitudes designers need to work at a design business or own one. | ||
| 650 | 0 | _aSuccess in business. | |
| 650 | 0 |
_aGraphic arts _xManagement. |
|
| 650 | 0 |
_aCommercial art _xManagement. |
|
| 650 | 0 |
_aDesigners _xVocational guidance _zUnited States. |
|
| 650 | 0 | _aDesign. | |
| 942 | _2ddc | ||